000 01015nam a22002537a 4500
999 _c430
_d430
003 AR-CdUCM
008 190223b ||||| |||| 00| 0 spa d
040 _aMUNICIPALIDAD PROVINCIAL DEL CUSCO
_cBIBLIOTECA MUNICIPAL DEL CUSCO
082 _a869.6223 /
_bOL45
100 _aOlemdo, José Joaquin
_91690
110 _aComisión Nacional del Sesquicenterario de la Independencia del Perú
_91691
245 _aLa victoria de Junín :
_bCanto a Bolívar /
260 _a[Lima] :
_bSalesiana,
_c1974.
300 _a58 páginas ;
_c17 cm.
500 _aPrólogo de Augusto Tamayo Vargas. Donación de la familia Nieto.
505 _aContenido: Juicios del libertador Bolívar -- Augusto Tamayo Vargas: Olmedo y la oda a la Victoria de Junín -- La victoria de Junín. Canto de Bolivar.
650 _aPoesía ecuatoriana
_91692
650 _aSiglo XIX
_9971
650 _aPoesía
_9139
650 _aJosé Joaquín Olmedo
_91693
650 _aSimón Bolívar
_91694
942 _2ddc
_cLIBROS
945 _alccs
_d2019-02-23